000
00273nam a22001097a 4500
082
_a
297
_b
SHA
100
_a
Shah Naeem Abbas
245
_a
Islamic Studies LLB Part 1 Paper II /
_c
Naeem Abbas Shah
300
_a
373,p.
_c
25, cm
650
_a
Islam
942
_2
ddc
_c
BK
999
_c
612978
_d
612978